Titres de chansons traduits littéralement - Statistiques

Statistiques générales
  • Ce quiz a été pris 37 fois
  • Le résultat moyen est 3 sur 15
Statistiques - réponses
Traduction Artiste Réponse % Correct
Heureux Ensemble The Turtles Happy Together
94%
La Tour Eiffel de l'Esprit Jay-Z, Alicia Keys Empire State of Mind
41%
Je Moi Mon The Beatles I Me Mine
41%
L'Entreprise du Bon Vivant Gorillaz Feel Good Inc.
28%
Quatre pour le Sol Starsailor Four to the Floor
25%
Je Suis Difficile Shaka Ponk I'm Picky
25%
Les Cavaliers sur l'Orage The Doors Riders on the Storm
25%
Béguin Immédiat Daft Punk Instant Crush
22%
Je Balaie Mon Placard Eminem Cleanin' Out My Closet
6%
Rêverie de l'Ère de la Lune David Bowie Moonage Daydream
3%
Épidémie de la Pensée Muse Thought Contagion
3%
La Frontière du Vrai Elvis Presley Edge of Reality
0%
Jean Le Divulgâcheur Depeche Mode John the Revelator
0%
Présentateur Télé Radiohead Talk Show Host
0%
La Leçon Sale du Coeur David Bowie The Heart's Filthy Lesson
0%
Aucun quiz correspondant
Distribution des résultats
% des personnes avec chaque résultat
Percentile par nombre de réponses
Votre historique - résultats
Vous n’avez pas pris ce quiz